Golfo Aranci /

Salvato in:
Dettagli Bibliografici
Autori principali: Bonadies, Matteo (Autore), Citarella, Valter (Autore)
Natura: Libro
Lingua:italiano
Pubblicazione: Barletta : Rotas, c1997
Tags: Aggiungi Tag
Nessun Tag, puoi essere il primo ad aggiungerne!!

MARC

LEADER 00000nam a22000007i 4500
001 IT\ICCU\UBO\2365827
003 ItRI
005 20260115232324.0
008 031217s1997 it |||||| ||||| |||||c
040 |b ita  |c importazione bologna sebina 
041 7 |a ita  |2 ISO-639-2 
100 1 |a Bonadies, Matteo  |0 IT\ICCU\BRIV\006972  |4 aut 
245 1 0 |a Golfo Aranci /  |c Matteo Bonadies, Valter Citarella. 
260 |a Barletta :  |b Rotas,  |c c1997 
300 |a 165 p. ;  |c 20 cm. 
700 1 |a Citarella, Valter  |0 IT\ICCU\UBOV\854955  |4 aut 
942 |2 ddc  |c BK  |n 0 
952 |0 0  |1 0  |4 0  |6 DOC_853_914000000000000_BON  |7 0  |9 24174  |a BO  |b BO  |d 2026-01-15  |i 5273  |l 0  |o DOC 853.914 BON  |p BO5273  |r 2026-01-15 23:23:24  |w 2026-01-15  |x [Sebina 5] [1 v.]  |y BK  |z 1 v. 
999 |c 20579  |d 20579